Entre la voz y el fuego / (Registro nro. 14533)

Detalles MARC
000 -LEADER
fixed length control field 00975nam a2200301 a 4500
001 - CONTROL NUMBER
control field 000003564
003 - CONTROL NUMBER IDENTIFIER
control field DO-SdBNP
005 - DATE AND TIME OF LATEST TRANSACTION
control field 20240118082607.0
007 - PHYSICAL DESCRIPTION FIXED FIELD--GENERAL INFORMATION
fixed length control field ta
008 - FIXED-LENGTH DATA ELEMENTS--GENERAL INFORMATION
fixed length control field 090630s2007 dr a 000 0 spa d
020 ## - INTERNATIONAL STANDARD BOOK NUMBER
International Standard Book Number 9789945421217
040 ## - CATALOGING SOURCE
Original cataloging agency DO-SdBNP
Language of cataloging spa
Transcribing agency BPMSU
082 #4 - DEWEY DECIMAL CLASSIFICATION NUMBER
Classification number RD861.44
Item number B844e 2007
Edition number 22
100 1# - MAIN ENTRY--PERSONAL NAME
Personal name Bretón Martínez, Freddy,
Dates associated with a name 1947-
100 z# - MAIN ENTRY--PERSONAL NAME
Personal name Bretón, Freddy Martínez
245 10 - TITLE STATEMENT
Title Entre la voz y el fuego /
Statement of responsibility, etc. Freddy Bretón Martínez ; prólogo Bruno Rosario Candelier.
260 ## - PUBLICATION, DISTRIBUTION, ETC. (IMPRINT)
Place of publication, distribution, etc. Santo Domingo :
Name of publisher, distributor, etc. Amigo del hogar,
Date of publication, distribution, etc. 2007.
300 ## - PHYSICAL DESCRIPTION
Extent 366 p. :
Other physical details il. ;
Dimensions 17 cm.
490 0# - SERIES STATEMENT
Series statement Poesía
500 ## - GENERAL NOTE
General note Incluye índice
500 ## - GENERAL NOTE
General note Incluye datos biográficos del autor en la solapa de la contracubierta
590 ## - LOCAL NOTE (RLIN)
Local note Inventariado, 2024/VM
650 #4 - SUBJECT ADDED ENTRY--TOPICAL TERM
Topical term or geographic name as entry element Poesía dominicana
650 #4 - SUBJECT ADDED ENTRY--TOPICAL TERM
Topical term or geographic name as entry element Literatura dominicana.
700 1# - ADDED ENTRY--PERSONAL NAME
Personal name Rosario Candelier, Bruno,
Dates associated with a name 1941-
Relator term prol.
910 ## - USER-OPTION DATA (OCLC)
User-option data VMateo V.Control de calidad BPMSU
942 ## - ADDED ENTRY ELEMENTS (KOHA)
Source of classification or shelving scheme Dewey Decimal Classification
Koha item type Libros
Existencias
Withdrawn status Lost status Source of classification or shelving scheme Damaged status Not for loan Collection code Home library Current library Date acquired Total Checkouts Full call number Barcode Date last seen Price effective from Koha item type
    Dewey Decimal Classification     Colección Dominicana Biblioteca Pública Metropolitana Salomé Ureña Biblioteca Pública Metropolitana Salomé Ureña 01/18/2024   BPMSU CD RD861.44 B844e 2007 BPMSU24010027 01/18/2024 01/18/2024 Libros